000 00756nam a2200277 a 4500
003 AR-BaBNM
005 20251128202810.0
008 082120s2002 ||||||||||||||000 | spa||
040 _cAR-BaBNM
100 1 _aCapdevila, Arturo
245 0 0 _aLas vísperas de Caseros
250 _a3ª ed.
260 _aBuenos Aires
_bKapelusz
_c1961
300 _a167 p.
_bláms.
490 0 _aBiblioteca de cultura literaria
650 4 _aROSAS Y SU TIEMPO
650 4 _aORGANIZACION NACIONAL
650 4 _aHISTORIA DE LAS IDEAS
650 4 _aCAUDILLOS ARGENTINOS
650 4 _aHISTORIA SOCIAL
650 4 _aHISTORIA POLITICA
700 1 _aBinayán, Narciso
_eprologuista
700 1 _aYateman Pardo, Luisa
_ecomentarista
942 _cBK
998 _cmariana
999 _c628
_d628